|
|
|
|
| LEADER |
00000nam0a2200000 4500 |
| 001 |
284826 |
| 005 |
20231101235732.0 |
| 010 |
|
|
|a 9785438703877
|
| 035 |
|
|
|a (RuTPU)RU\TPU\book\309013
|
| 090 |
|
|
|a 284826
|
| 100 |
|
|
|a 20150218d2014 k y0rusy50 ca
|
| 101 |
0 |
|
|a rus
|
| 102 |
|
|
|a RU
|
| 105 |
|
|
|a a z 001zy
|
| 200 |
1 |
|
|a Сферы сакрального и обыденного в традиционной хантыйской культуре
|e монография
|f К. П. Черемисина
|g Национальный исследовательский Томский политехнический университет (ТПУ)
|
| 210 |
|
|
|a Томск
|c Изд-во ТПУ
|d 2014
|
| 215 |
|
|
|a 128 с.
|c ил.
|
| 320 |
|
|
|a Библиогр.: с. 100-117.
|
| 330 |
|
|
|a В тексте данной монографии рассматривается духовная сфера хантыйской культуры. На основе мифов, преданий, сновидений, примет, запретов автор выделяет признаки священности предмета и явления в социуме и природе, основными из которых являются цвет и форма.Данное исследование будет представлять интерес для широкого круга читателей: учителей при подготовке занятий по истории Сибири, школьников, студентов-историков, краеведов, этнографов и этнологов, археологов, культурологов, искусствоведов.
|
| 606 |
1 |
|
|a Ханты
|x Этнология
|2 stltpush
|3 (RuTPU)RU\TPU\subj\69779
|9 84469
|
| 610 |
1 |
|
|a традиционная культура
|
| 610 |
1 |
|
|a сакральное
|
| 610 |
1 |
|
|a обыденное
|
| 610 |
1 |
|
|a цвет
|
| 610 |
1 |
|
|a природа
|
| 610 |
1 |
|
|a Вселенная
|
| 610 |
1 |
|
|a человек
|
| 610 |
1 |
|
|a человеческое общество
|
| 610 |
1 |
|
|a обычаи
|
| 610 |
1 |
|
|a традиции
|
| 610 |
1 |
|
|a труды учёных ТПУ
|
| 686 |
|
|
|a Т52(25)
|2 rubbk
|
| 700 |
|
1 |
|a Черемисина
|b К. П.
|c историк
|c доцент Томского политехнического университета, кандидат исторических наук
|f 1981-
|g Ксения Петровна
|2 stltpush
|3 (RuTPU)RU\TPU\pers\32926
|
| 712 |
0 |
2 |
|a Национальный исследовательский Томский политехнический университет (ТПУ)
|c (2009- )
|2 stltpush
|3 (RuTPU)RU\TPU\col\15902
|
| 801 |
|
1 |
|a RU
|b 63413507
|c 20150218
|
| 801 |
|
2 |
|a RU
|b 63413507
|c 20150302
|g RCR
|
| 942 |
|
|
|c BK
|